ბათუმის შოთა რუსთაველის სახელმწიფო უნივერსიტეტის ბიბლიოთეკა

Management accounting : (ბიბ.ჩანაწერი № 61312)

000 -LEADER
fixed length control field 00770nam a22002177a 4500
005 - DATE AND TIME OF LATEST TRANSACTION
control field 20240202144645.0
008 - FIXED-LENGTH DATA ELEMENTS--GENERAL INFORMATION
fixed length control field 240202s2012 en ||||| |||| 00| 0 eng d
020 ## - INTERNATIONAL STANDARD BOOK NUMBER
International Standard Book Number 9780273769989 X
041 ## - LANGUAGE CODE
Language code of text/sound track or separate title eng
080 ## - UNIVERSAL DECIMAL CLASSIFICATION NUMBER
Universal Decimal Classification number 005+657 M-24
245 ## - TITLE STATEMENT
Title Management accounting :
Remainder of title information for decision-making and strategy execution /
Statement of responsibility, etc. Authors: Anthony A. Atkinson, Robert S.Kaplan, and others.
250 ## - EDITION STATEMENT
Edition statement 6th edition
264 ## - PRODUCTION, PUBLICATION, DISTRIBUTION, MANUFACTURE, AND COPYRIGHT NOTICE
Place of production, publication, distribution, manufacture Boston:
Name of producer, publisher, distributor, manufacturer Pearson,
Date of production, publication, distribution, manufacture, or copyright notice 2012.
300 ## - PHYSICAL DESCRIPTION
Extent 550 pages;
Other physical details illustrations,
Dimensions 26 cm.
653 ## - INDEX TERM--UNCONTROLLED
keyword Management accounting
653 ## - INDEX TERM--UNCONTROLLED
keyword მენეჯმენტი
653 ## - INDEX TERM--UNCONTROLLED
keyword ბუღალტერია
700 ## - ADDED ENTRY--PERSONAL NAME
Personal name Anthony A. Atkinson,
Relator term Author
9 (RLIN) 21188
700 ## - ADDED ENTRY--PERSONAL NAME
Personal name Kaplan Robert S.
Relator term Author
9 (RLIN) 21189
942 ## - ADDED ENTRY ELEMENTS (KOHA)
Source of classification or shelving scheme
Koha item type წიგნი
ეგზემპლარები
Withdrawn status Lost status Source of classification or shelving scheme Damaged status Not for loan Permanent Location Current Location Shelving location Date acquired Cost, normal purchase price Full call number Barcode Date last seen Copy number Price effective from Koha item type Public note
          ბათუმის შოთა რუსთაველის სახელმწიფო უნივერსიტეტის მთავარი ბიბლიოთეკა ბათუმის შოთა რუსთაველის სახელმწიფო უნივერსიტეტის მთავარი ბიბლიოთეკა წიგნსაცავი 2024-02-02 272.00 005+657 M-24 67230 2024-02-02 67230 2024-02-02 წიგნი 272.00